International Business (Record no. 424554)

MARC details
000 -LEADER
fixed length control field 00200nam a2200097Ia 4500
082 ## - DEWEY DECIMAL CLASSIFICATION NUMBER
Classification number 395.52094DAN
100 ## - MAIN ENTRY--PERSONAL NAME
Personal name Daniels R
250 ## - EDITION STATEMENT
Edition statement 2007 11th Ed.
245 ## - TITLE STATEMENT
Title International Business
942 ## - ADDED ENTRY ELEMENTS (KOHA)
Koha item type Book

No items available.